Red States - Sudden Death - Statistics

General Stats
  • This quiz has been taken 2,489 times
    2,482 since last reset
  • The average score is 15 of 21
Answers on the Grid
Answers color-coded by a green-red scale on the quiz's grid according to % correct below.
Alabama
Alaska
Arkansas
California
Connecticut
Georgia
Hawaii
Idaho
Kansas
Louisiana
Maine
Maryland
Michigan
Mississippi
Montana
Nevada
New Hampshire
New Jersey
New Mexico
North Carolina
North Dakota
Oklahoma
Oregon
Rhode Island
South Carolina
South Dakota
Texas
Utah
Washington
West Virginia
Wisconsin
Wyoming
 
Answer Stats
Answer % Correct
Alabama
94%
Arkansas
84%
Louisiana
79%
Alaska
77%
Georgia
77%
Mississippi
77%
Kansas
76%
Texas
74%
Idaho
70%
Montana
69%
Oklahoma
68%
South Carolina
66%
North Dakota
64%
South Dakota
64%
Utah
64%
North Carolina
62%
West Virginia
62%
Wyoming
62%
Nevada
60%
Wisconsin
51%
Michigan
50%
No matching quizzes found
Score Distribution
Percent of People with Each Score
Percentile by Number Answered
Your Score History
You have not taken this quiz since the last reset